000 00521nam a2200193Ia 4500
003 GCL
008 140319s9999 xx 000 0 eng d
040 _aGCL /
_cGCL
082 0 4 _a611.01
_bM F
100 1 _aMARTINI H, FREDERIC
245 1 0 _aFUNDAMENTALS OF ANATOMY AND PHYSIOLOGY /
_cMARTINI H, FREDERIC
700 1 _aGARRISAN, CLAIRE W
700 1 _aWELCH, KATHLEEN
260 _a[S.N] :
_bPRENTICE HALL INTERNATIONAL ،
_c1995
300 _a1141 P
650 0 4 _aANATOMY
650 0 4 _aPHYSICS
942 _2ddc
_cBK
999 _c11276
_d11276